[Event "Campeonato de España Abierto 2006"]
[Site "Leon ESP"]
[Date "2006.11.29"]
[Round "8.23"]
[White "Pena Gomez, Manuel"]
[Black "De La Barrera Montenegro, Eduar"]
[Result "1-0"]
[WhiteElo "2319"]
[BlackElo "2077"]
[PlyCount "101"]
[EventDate "2006.11.22"]
[EventType "swiss"]
[EventRounds "9"]
[EventCountry "ESP"]
[Source "lmi"]
[SourceDate "2006.11.22"]

1. c4 Nf6 2. Nc3 e6 3. Nf3 d5 4. e3 c5 5. cxd5 exd5 6. d4 Bd6 7. dxc5 Bxc5 8.
Be2 O-O 9. O-O Nc6 10. a3 a6 11. b4 Bd6 12. Bb2 b5 13. Rc1 Bb7 14. Nb1 Re8 15.
Nbd2 Ne5 16. Nxe5 Bxe5 17. Bxe5 Rxe5 18. Nb3 Rc8 19. Qd4 Re7 20. Nc5 Rec7 21.
a4 Qe8 22. Ra1 Ne4 23. Nxb7 Rxb7 24. axb5 Nc3 25. Bd3 axb5 26. Rfc1 Rbc7 27.
Kf1 Ne2 28. Bxh7+ Kh8 29. Kxe2 Rxc1 30. Rxc1 Rxc1 31. Bd3 Qc8 32. Qh4+ Kg8 33.
Qh7+ Kf8 34. Qh8+ Ke7 35. Qxg7 Qc3 36. Qxc3 Rxc3 37. Bxb5 Kd6 38. Be8 f6 39. b5
Rc8 40. Bc6 Rg8 41. g3 f5 42. Kf3 Ke5 43. h3 Rg6 44. g4 fxg4+ 45. hxg4 Rf6+ 46.
Kg3 Ke4 47. Bd7 Rf3+ 48. Kg2 Rf6 49. Bf5+ Ke5 50. f4+ Kd6 51. Kf3 1-0

[Event "Campeonato de España Abierto 2006"]
[Site "Leon ESP"]
[Date "2006.11.29"]
[Round "8.24"]
[White "Sabater Sanchez, Asensio"]
[Black "Diaz Sanchez, Jose Fco"]
[Result "1-0"]
[WhiteElo "2177"]
[BlackElo "1984"]
[PlyCount "55"]
[EventDate "2006.11.22"]
[EventType "swiss"]
[EventRounds "9"]
[EventCountry "ESP"]
[Source "lmi"]
[SourceDate "2006.11.22"]

1. d4 f5 2. Bg5 Nf6 3. Bxf6 exf6 4. c4 Bb4+ 5. Nd2 O-O 6. e3 d5 7. h3 Bxd2+ 8.
Qxd2 f4 9. exf4 Re8+ 10. Kd1 dxc4 11. Bxc4+ Be6 12. d5 Bf7 13. Kc2 c6 14. Rd1
cxd5 15. Bxd5 Qc7+ 16. Kb1 Nc6 17. Bxf7+ Qxf7 18. Qc2 Rac8 19. Qf5 Nd4 20. Qd3
Ne6 21. Ne2 Nc5 22. Qf3 Na4 23. Nd4 Red8 24. Qb3 Rc4 25. Nc2 Rdc8 26. Rd4 Rxc2
27. Qxc2 Rxc2 28. Rd8+ 1-0

[Event "Campeonato de España Abierto 2006"]
[Site "Leon ESP"]
[Date "2006.11.29"]
[Round "8.31"]
[White "Galard Agustin, Tomas E"]
[Black "Garcia Gonzalez, Manuel"]
[Result "1/2-1/2"]
[WhiteElo "1959"]
[BlackElo "2152"]
[PlyCount "54"]
[EventDate "2006.11.22"]
[EventType "swiss"]
[EventRounds "9"]
[EventCountry "ESP"]
[Source "lmi"]
[SourceDate "2006.11.22"]

1. Nf3 Nf6 2. c4 d5 3. cxd5 Nxd5 4. Nc3 c6 5. g3 g6 6. Bg2 Bg7 7. h3 e5 8. d3
Nxc3 9. bxc3 e4 10. Nd2 Bxc3 11. Rb1 exd3 12. Qb3 Qa5 13. exd3 O-O 14. Qc2 Re8+
15. Kf1 Na6 16. Ne4 Be5 17. Bd2 Qd8 18. Bc3 Bd4 19. Kg1 Nc7 20. Kh2 Nb5 21. Bb2
f5 22. Nc5 Qd6 23. Nb3 Bxb2 24. Rxb2 Rb8 25. a4 Nc7 26. Rc1 Nd5 27. Na5 Rd8
1/2-1/2

[Event "Campeonato de España Abierto 2006"]
[Site "Leon ESP"]
[Date "2006.11.29"]
[Round "8.32"]
[White "Braña Lopez, Eduardo"]
[Black "Garcia Prieto, Pablo"]
[Result "1-0"]
[WhiteElo "2083"]
[BlackElo "1954"]
[PlyCount "111"]
[EventDate "2006.11.22"]
[EventType "swiss"]
[EventRounds "9"]
[EventCountry "ESP"]
[Source "lmi"]
[SourceDate "2006.11.22"]

1. e4 c5 2. Nf3 d6 3. d4 cxd4 4. Qxd4 Nc6 5. Bb5 Bd7 6. Bxc6 Bxc6 7. Nc3 Nf6 8.
Bg5 e6 9. O-O-O Be7 10. Rhe1 Qc7 11. Bxf6 gxf6 12. g3 b6 13. Qe3 O-O-O 14. Nd4
Kb8 15. Rd3 Rc8 16. Qd2 Rhd8 17. Rd1 Qb7 18. f3 a6 19. Qh6 Rh8 20. Qg7 Rcf8 21.
Nce2 f5 22. Nxc6+ Qxc6 23. exf5 Rhg8 24. Qc3 Qxc3 25. Rxc3 e5 26. f6 Bxf6 27.
Rxd6 Bg5+ 28. Kb1 Rd8 29. Rcd3 Kc7 30. Rxd8 Rxd8 31. Rxd8 Kxd8 32. c4 Kd7 33.
Kc2 Kd6 34. Kd3 f5 35. g4 e4+ 36. fxe4 fxg4 37. b4 h5 38. Kd4 Bf6+ 39. Ke3 Be5
40. Ng3 h4 41. Nf5+ Ke6 42. Nxh4 Bxh2 43. Ng6 Bd6 44. a3 a5 45. bxa5 bxa5 46.
a4 Kf6 47. Nh4 Ke5 48. Ng6+ Kf6 49. Nh4 Ke5 50. Ng6+ Kf6 51. Nf4 Bc5+ 52. Ke2
Bd4 53. Nd3 Ke6 54. Kf1 Be5 55. Nxe5 Kxe5 56. c5 1-0

[Event "Campeonato de España Abierto 2006"]
[Site "Leon ESP"]
[Date "2006.11.29"]
[Round "8.33"]
[White "Rodriguez Yagüe, Fermin"]
[Black "Montolio Benedicto, Cesar"]
[Result "0-1"]
[WhiteElo "1842"]
[BlackElo "2067"]
[PlyCount "134"]
[EventDate "2006.11.22"]
[EventType "swiss"]
[EventRounds "9"]
[EventCountry "ESP"]
[Source "lmi"]
[SourceDate "2006.11.22"]

1. e4 e5 2. Nf3 Nc6 3. d4 exd4 4. Nxd4 Nf6 5. Nxc6 bxc6 6. e5 Qe7 7. Qe2 Nd5 8.
c4 Ba6 9. b3 Nb6 10. Ba3 Qe6 11. Bxf8 Rxf8 12. g3 O-O-O 13. Nc3 f6 14. f4 fxe5
15. Qxe5 Qxe5+ 16. fxe5 Rde8 17. O-O-O Rxe5 18. Bh3 Kd8 19. a4 Bc8 20. Rhf1
Rxf1 21. Rxf1 Ke7 22. Bg4 d6 23. Bxc8 Nxc8 24. Kd2 Nb6 25. Rf3 a5 26. Re3 Rxe3
27. Kxe3 Ke6 28. Ke4 Nd7 29. Kd3 Nc5+ 30. Kc2 d5 31. cxd5+ cxd5 32. Nb5 c6 33.
Nd4+ Kd7 34. Kc3 Ne4+ 35. Kd3 c5 36. Nf5 g6 37. Ne3 Ke6 38. Ng4 Nf6 39. Ne3 Ke5
40. Nc2 Ng4 41. h4 h5 42. Ne1 Nf2+ 43. Ke3 Ne4 44. Nd3+ Kd6 45. Nf4 Nxg3 46.
Nxg6 Nf5+ 47. Kd3 Kc6 48. Nf4 Nxh4 49. Nxh5 Ng6 50. Ng3 Kd6 51. Ne2 Ne5+ 52.
Kc3 Nc6 53. Nf4 Ne5 54. Ne2 d4+ 55. Kd2 Kd5 56. Nf4+ Ke4 57. Ne6 c4 58. bxc4
Nxc4+ 59. Kc1 d3 60. Nc5+ Kd4 61. Nxd3 Kxd3 62. Kb1 Kc3 63. Ka2 Kb4 64. Ka1
Kxa4 65. Ka2 Kb4 66. Kb1 Kb3 67. Ka1 Ne3 0-1

[Event "Campeonato de España Abierto 2006"]
[Site "Leon ESP"]
[Date "2006.11.29"]
[Round "8.35"]
[White "Franco Cazon, Rodolfo"]
[Black "Marcos Robles, Juan Antonio"]
[Result "1-0"]
[WhiteElo "2012"]
[BlackElo "1728"]
[PlyCount "127"]
[EventDate "2006.11.22"]
[EventType "swiss"]
[EventRounds "9"]
[EventCountry "ESP"]
[Source "lmi"]
[SourceDate "2006.11.22"]

1. Nf3 g6 2. c4 Bg7 3. Nc3 Nf6 4. e4 d6 5. d4 O-O 6. Be2 c5 7. d5 e6 8. Bg5 h6
9. Bh4 Qb6 10. Qc2 exd5 11. Bxf6 Bxf6 12. Nxd5 Qd8 13. Nxf6+ Qxf6 14. O-O-O Bg4
15. Qd2 Nc6 16. Qxh6 Rfe8 17. Qe3 Bxf3 18. gxf3 Nd4 19. h4 Re5 20. Rdg1 Kf8 21.
Bd1 Rae8 22. Ba4 Qxf3 23. Qxf3 Nxf3 24. Rg3 Nd4 25. Bxe8 Ne2+ 26. Kd2 Nxg3 27.
fxg3 Kxe8 28. Kd3 f6 29. Rf1 Kf7 30. Rf2 Kg7 31. Rf3 Re8 32. Rf2 Re7 33. g4 Re8
34. Ke3 Re7 35. Kf3 Re8 36. Rd2 Rd8 37. Rd5 Rd7 38. b3 b6 39. Kf4 Rd8 40. Kg3
Kf7 41. g5 fxg5 42. Rxg5 Re8 43. Kf4 Rh8 44. Kg4 Re8 45. Kf3 Rh8 46. Rd5 Rxh4
47. Rxd6 Rh3+ 48. Kg4 Rh1 49. Rd7+ Ke6 50. Rxa7 Rh2 51. Kg3 Rb2 52. Kf4 Rf2+
53. Ke3 Rb2 54. Ra6 Ke5 55. Rxb6 Rxa2 56. Rxg6 Rh2 57. Rg5+ Kd6 58. Rd5+ Kc6
59. e5 Rh3+ 60. Kf4 Rxb3 61. e6 Rb1 62. e7 Rf1+ 63. Ke5 Kc7 64. Ke6 1-0

[Event "Campeonato de España Abierto 2006"]
[Site "Leon ESP"]
[Date "2006.11.30"]
[Round "9.3"]
[White "Bellon Lopez, Juan Manuel"]
[Black "Fernandez Aguado, Enrique"]
[Result "0-1"]
[WhiteElo "2438"]
[BlackElo "2356"]
[PlyCount "98"]
[EventDate "2006.11.22"]
[EventType "swiss"]
[EventRounds "9"]
[EventCountry "ESP"]
[Source "lmi"]
[SourceDate "2006.11.22"]

1. d4 e6 2. Nf3 f5 3. c4 Nf6 4. Qc2 b6 5. Nc3 Bb4 6. a3 Bxc3+ 7. Qxc3 Bb7 8. g3
O-O 9. Bg2 Qe7 10. O-O d6 11. b4 Nbd7 12. Bb2 c5 13. Rad1 Rac8 14. dxc5 bxc5
15. Qd3 d5 16. cxd5 Bxd5 17. bxc5 Nxc5 18. Qe3 Ng4 19. Qf4 Ne4 20. Ne5 Qb7 21.
Bxe4 Bxe4 22. Nxg4 Qxb2 23. Ne5 Qxe2 24. Rd2 Qh5 25. Rd7 Rfd8 26. Qd2 Bd5 27.
Rxd8+ Rxd8 28. Rc1 Rf8 29. f4 h6 30. h4 Rb8 31. Kf2 Qe8 32. Qd4 Qb5 33. Rc7
Qb2+ 34. Qxb2 Rxb2+ 35. Kf1 h5 36. Rxa7 Rg2 37. a4 Rxg3 38. a5 Rh3 39. a6 Rxh4
40. Ng6 Rg4 41. Rd7 Bc4+ 42. Kf2 Bxa6 43. Rd8+ Kh7 44. Nf8+ Kh6 45. Nxe6 Bc4
46. Re8 h4 47. Ke3 Bxe6 48. Rxe6+ Kh5 49. Kf3 Rg3+ 0-1

[Event "Campeonato de España Abierto 2006"]
[Site "Leon ESP"]
[Date "2006.11.30"]
[Round "9.4"]
[White "Lacasa Diaz, Jose A"]
[Black "Franco Alonso, Alejandro"]
[Result "1/2-1/2"]
[WhiteElo "2410"]
[BlackElo "2421"]
[PlyCount "70"]
[EventDate "2006.11.22"]
[EventType "swiss"]
[EventRounds "9"]
[EventCountry "ESP"]
[Source "lmi"]
[SourceDate "2006.11.22"]

1. e4 c6 2. d4 d5 3. Nc3 dxe4 4. Nxe4 Nd7 5. Bd3 Ndf6 6. Ng5 Bg4 7. f3 Bh5 8.
c3 e6 9. Ne2 Bg6 10. Nf4 Nd5 11. Nxg6 hxg6 12. O-O Bd6 13. g3 Ngf6 14. Re1 Qd7
15. a3 O-O 16. Ne4 Rfe8 17. Nxd6 Qxd6 18. Qe2 Nd7 19. f4 c5 20. dxc5 Nxc5 21.
Bc2 Nb3 22. Bxb3 Qb6+ 23. Be3 Nxe3 24. Qxe3 Qxb3 25. Qe2 Red8 26. Rad1 Rac8 27.
Kg2 Rd5 28. Rxd5 Qxd5+ 29. Qf3 Qb3 30. Re2 Rd8 31. Qe3 Qd5+ 32. Qf3 Qb3 33. Qe3
Qd1 34. Rf2 Qd5+ 35. Qf3 Qb5 1/2-1/2

[Event "Campeonato de España Abierto 2006"]
[Site "Leon ESP"]
[Date "2006.11.30"]
[Round "9.5"]
[White "Garcia Moral Garcia, Jose Daniel"]
[Black "De La Villa Garcia, Jesus Maria"]
[Result "0-1"]
[WhiteElo "2222"]
[BlackElo "2460"]
[PlyCount "52"]
[EventDate "2006.11.22"]
[EventType "swiss"]
[EventRounds "9"]
[EventCountry "ESP"]
[Source "lmi"]
[SourceDate "2006.11.22"]

1. e4 c5 2. Nf3 Nc6 3. d4 cxd4 4. Nxd4 Nf6 5. Nc3 d6 6. f3 Qb6 7. Nb3 e6 8. Qe2
a6 9. Be3 Qc7 10. g4 b5 11. O-O-O Bb7 12. g5 Nd7 13. Qf2 Nce5 14. Kb1 Rc8 15.
Bd3 Nc5 16. Nd4 b4 17. Nce2 Nexd3 18. cxd3 e5 19. Ng3 exd4 20. Bxd4 h6 21. gxh6
Rxh6 22. Nf5 Rh7 23. Rhe1 Qd7 24. Qg3 g6 25. Ne3 Qh3 26. Qf2 Qxh2 0-1

[Event "Campeonato de España Abierto 2006"]
[Site "Leon ESP"]
[Date "2006.11.30"]
[Round "9.6"]
[White "Vehi Bach, Victor Manuel"]
[Black "Fernandez Romero, Ernesto"]
[Result "1/2-1/2"]
[WhiteElo "2329"]
[BlackElo "2442"]
[PlyCount "28"]
[EventDate "2006.11.22"]
[EventType "swiss"]
[EventRounds "9"]
[EventCountry "ESP"]
[Source "lmi"]
[SourceDate "2006.11.22"]

1. e4 e5 2. Nf3 Nc6 3. Nc3 Nf6 4. Bb5 Nd4 5. Nxd4 exd4 6. e5 dxc3 7. exf6 Qxf6
8. dxc3 Qe5+ 9. Qe2 Qxe2+ 10. Kxe2 c6 11. Bd3 d5 12. Be3 Bd6 13. c4 Be6 14.
cxd5 Bxd5 1/2-1/2

[Event "Campeonato de España Abierto 2006"]
[Site "Leon ESP"]
[Date "2006.11.30"]
[Round "9.8"]
[White "Alsina Leal, Daniel"]
[Black "Garcia Garcia, Ruben"]
[Result "1/2-1/2"]
[WhiteElo "2430"]
[BlackElo "2289"]
[PlyCount "76"]
[EventDate "2006.11.22"]
[EventType "swiss"]
[EventRounds "9"]
[EventCountry "ESP"]
[Source "lmi"]
[SourceDate "2006.11.22"]

1. e4 c5 2. Nf3 Nc6 3. d4 cxd4 4. Nxd4 Nf6 5. Nc3 e5 6. Ndb5 d6 7. Bg5 a6 8.
Na3 b5 9. Nd5 Be7 10. Bxf6 Bxf6 11. c4 b4 12. Nc2 a5 13. Be2 Bg5 14. O-O O-O
15. Qd3 g6 16. Rad1 Be6 17. b3 Bh6 18. Kh1 Kh8 19. h3 Rc8 20. Nde3 Qb6 21. Bg4
Rcd8 22. g3 Bxe3 23. fxe3 Kg7 24. Kg2 Nb8 25. Bxe6 fxe6 26. Rxf8 Kxf8 27. Qe2
Nd7 28. Qg4 Nc5 29. Qh4 Kg8 30. Qe7 Rd7 31. Qe8+ Kg7 32. Rf1 Qd8 33. Rf7+ Kh6
34. Qxd8 Rxd8 35. Ne1 Rd7 36. Rxd7 Nxd7 37. Nd3 Nc5 38. Nxc5 dxc5 1/2-1/2

[Event "Campeonato de España Abierto 2006"]
[Site "Leon ESP"]
[Date "2006.11.30"]
[Round "9.9"]
[White "Recuero Guerra, David"]
[Black "Rodriguez Rodriguez, Antonio"]
[Result "1-0"]
[WhiteElo "2350"]
[BlackElo "2297"]
[PlyCount "79"]
[EventDate "2006.11.22"]
[EventType "swiss"]
[EventRounds "9"]
[EventCountry "ESP"]
[Source "lmi"]
[SourceDate "2006.11.22"]

1. e4 e6 2. d4 d5 3. Nc3 a6 4. Nf3 Nf6 5. Bg5 Be7 6. e5 Nfd7 7. Bxe7 Qxe7 8.
Bd3 c5 9. dxc5 Nc6 10. Qe2 Nxc5 11. O-O b5 12. a3 Bd7 13. b4 Nxd3 14. Qxd3 O-O
15. Rfe1 a5 16. bxa5 Rxa5 17. Nxb5 Nxe5 18. Rxe5 Rxb5 19. Rae1 Qc5 20. Ng5 f5
21. Nxe6 Bxe6 22. Rxe6 Rb2 23. Re8 Rxe8 24. Rxe8+ Kf7 25. Re1 g6 26. Rc1 Ra2
27. Qb3 Rxa3 28. Qb7+ Kf6 29. Qxh7 Rc3 30. Qh8+ Kf7 31. Rb1 Rxc2 32. Rb7+ Ke6
33. Qe8+ Kf6 34. Rf7+ Kg5 35. Qd8+ Kf4 36. Qh4+ Ke5 37. Re7+ Qxe7 38. Qxe7+ Kd4
39. Kf1 Kc3 40. Qc5+ 1-0

[Event "Campeonato de España Abierto 2006"]
[Site "Leon ESP"]
[Date "2006.11.30"]
[Round "9.10"]
[White "Baron Rodriguez, Jesus"]
[Black "Tattersall Rodriguez, Lester"]
[Result "1-0"]
[WhiteElo "2424"]
[BlackElo "2254"]
[PlyCount "81"]
[EventDate "2006.11.22"]
[EventType "swiss"]
[EventRounds "9"]
[EventCountry "ESP"]
[Source "lmi"]
[SourceDate "2006.11.22"]

1. e4 c5 2. Nf3 d6 3. d4 cxd4 4. Nxd4 Nf6 5. Nc3 a6 6. Bg5 e6 7. f4 Qc7 8. Bxf6
gxf6 9. Qd2 Qc5 10. O-O-O Nc6 11. Nb3 Qa7 12. Be2 h5 13. Rhf1 Bd7 14. Kb1 b5
15. a3 Qb6 16. e5 fxe5 17. Ne4 O-O-O 18. Ng5 Be8 19. f5 Bh6 20. fxe6 fxe6 21.
Rf6 Qc7 22. Rxe6 Qd7 23. Nc5 Qg7 24. Rxh6 dxc5 25. Rxh8 Qxh8 26. Qc3 Rxd1+ 27.
Bxd1 Qf6 28. Ne4 Qf1 29. Qf3 Qxf3 30. Bxf3 Kc7 31. Nf6 Bf7 32. Bxh5 Bc4 33. b3
Bf1 34. Nd5+ Kd6 35. Ne3 Bxg2 36. Nxg2 Kd5 37. Kc1 b4 38. a4 Kd4 39. Kd2 c4 40.
bxc4 Kxc4 41. Be2+ 1-0

[Event "Campeonato de España Abierto 2006"]
[Site "Leon ESP"]
[Date "2006.11.30"]
[Round "9.12"]
[White "Fernandez De Pablo, Miguel A"]
[Black "Cabezas Ayala, Ivan"]
[Result "1/2-1/2"]
[WhiteElo "2200"]
[BlackElo "2328"]
[PlyCount "65"]
[EventDate "2006.11.22"]
[EventType "swiss"]
[EventRounds "9"]
[EventCountry "ESP"]
[Source "lmi"]
[SourceDate "2006.11.22"]

1. e4 e5 2. Nf3 Nc6 3. c3 d6 4. d4 Be7 5. h3 Nf6 6. Bd3 O-O 7. d5 Nb8 8. Be3 c6
9. c4 Na6 10. Nc3 Nd7 11. g4 Qc7 12. a3 Qb8 13. b4 Bd8 14. Qe2 Bb6 15. Nh4 Nc7
16. Nf5 Ne8 17. dxc6 bxc6 18. Ne7+ Kh8 19. Nxc6 Qb7 20. Ne7 a5 21. Rb1 Bxe3 22.
Qxe3 axb4 23. axb4 Nc7 24. c5 dxc5 25. bxc5 Qa7 26. c6 Nc5 27. Bc4 N7e6 28.
Nxc8 Rfxc8 29. Bb5 Nd4 30. O-O Nce6 31. Rfc1 Qa5 32. Ba4 Nxc6 33. Bxc6 1/2-1/2

[Event "Campeonato de España Abierto 2006"]
[Site "Leon ESP"]
[Date "2006.11.30"]
[Round "9.13"]
[White "Gonzalez Valero, Julio"]
[Black "Gonzalez Galvan, Juan Manuel"]
[Result "1/2-1/2"]
[WhiteElo "2287"]
[BlackElo "2283"]
[PlyCount "104"]
[EventDate "2006.11.22"]
[EventType "swiss"]
[EventRounds "9"]
[EventCountry "ESP"]
[Source "lmi"]
[SourceDate "2006.11.22"]

1. d4 d5 2. c4 e5 3. dxe5 d4 4. Nf3 Nc6 5. g3 Be6 6. Qb3 Qd7 7. Bd2 O-O-O 8.
Na3 Nge7 9. O-O-O Ng6 10. Bg2 Bxa3 11. bxa3 Qe7 12. Kb2 Qc5 13. Rc1 Ngxe5 14.
Nxe5 Qxe5 15. Bf3 f6 16. Qb5 Qxb5+ 17. cxb5 Ne5 18. Kb1 Nxf3 19. exf3 Bd5 20.
Rhe1 Bxf3 21. Re7 Rd7 22. Rxd7 Kxd7 23. Rc4 d3 24. Kc1 Be2 25. Ra4 Re8 26. Rxa7
Re5 27. Be3 Rxb5 28. Ra8 Rh5 29. Rg8 g5 30. Rg7+ Kd6 31. Rf7 Rxh2 32. Rxf6+ Ke5
33. Rf7 Rh1+ 34. Kd2 Rd1+ 35. Kc3 Ra1 36. Rxc7 Rxa2 37. Kb3 d2 38. Rd7 d1=Q+
39. Rxd1 Bxd1+ 40. Kxa2 Kf5 41. Kb2 Bf3 42. Bc5 h5 43. Kc3 h4 44. gxh4 gxh4 45.
Kd4 Bc6 46. Ke3 Ke5 47. Ba7 Kd5 48. Bb8 Kc4 49. Kf4 Bd7 50. Bd6 Kc3 51. Be7 h3
52. Kg3 b6 1/2-1/2

[Event "Campeonato de España Abierto 2006"]
[Site "Leon ESP"]
[Date "2006.11.30"]
[Round "9.17"]
[White "Martinez Perez, Jorge"]
[Black "Trujillo Delgado, Dafnae"]
[Result "0-1"]
[WhiteElo "2043"]
[BlackElo "2206"]
[PlyCount "46"]
[EventDate "2006.11.22"]
[EventType "swiss"]
[EventRounds "9"]
[EventCountry "ESP"]
[Source "lmi"]
[SourceDate "2006.11.22"]

1. Nf3 g6 2. d4 Bg7 3. Bf4 Nf6 4. Nbd2 c5 5. e3 O-O 6. c3 d6 7. Be2 Nbd7 8. O-O
Nh5 9. d5 Nxf4 10. exf4 Nf6 11. Nc4 Nh5 12. Qd2 b5 13. Ne3 Rb8 14. f5 b4 15.
fxg6 hxg6 16. c4 a5 17. Ng5 e5 18. h4 Nf4 19. Bg4 f5 20. Bd1 Bh6 21. a3 Bxg5
22. hxg5 Qxg5 23. Qc1 Rb7 0-1

[Event "Campeonato de España Abierto 2006"]
[Site "Leon ESP"]
[Date "2006.11.30"]
[Round "9.18"]
[White "Varasa Paredes, Javier"]
[Black "Vega Gutierrez, Belinda"]
[Result "1/2-1/2"]
[WhiteElo "1949"]
[BlackElo "2184"]
[PlyCount "98"]
[EventDate "2006.11.22"]
[EventType "swiss"]
[EventRounds "9"]
[EventCountry "ESP"]
[Source "lmi"]
[SourceDate "2006.11.22"]

1. Nf3 d5 2. d4 e6 3. c4 Nf6 4. g3 Bd6 5. Bg2 O-O 6. O-O c6 7. Nc3 Nbd7 8. Qc2
Re8 9. Rd1 Qe7 10. e4 dxe4 11. Nxe4 Nxe4 12. Qxe4 h6 13. Bf4 Nf6 14. Bxd6 Qxd6
15. Qe5 Qe7 16. Qe2 Bd7 17. c5 Red8 18. Ne5 Be8 19. b4 Nd5 20. Qb2 b6 21. Nc4
Rab8 22. Qa3 Qc7 23. Nd6 Ne7 24. Be4 Bd7 25. Rac1 b5 26. Qe3 Nc8 27. Qf4 Nxd6
28. cxd6 Qb6 29. Rc5 Be8 30. Rdc1 Rbc8 31. d5 exd5 32. Bxd5 Qb8 33. Bxc6 Qxd6
34. Bxe8 Qxf4 35. gxf4 Rxc5 36. Rxc5 Rxe8 37. Rxb5 a6 38. Rb6 Re4 39. f5 a5 40.
bxa5 Ra4 41. a6 Rxa2 42. Rb8+ Kh7 43. Ra8 g5 44. fxg6+ fxg6 45. a7 Kg7 46. Kg2
Kh7 47. Kf3 Kg7 48. Ke3 Kh7 49. f4 Kg7 1/2-1/2

[Event "Campeonato de España Abierto 2006"]
[Site "Leon ESP"]
[Date "2006.11.30"]
[Round "9.20"]
[White "Veganzones Rojo, David"]
[Black "Varela Mourin, Jesus"]
[Result "0-1"]
[WhiteElo "2097"]
[BlackElo "2182"]
[PlyCount "106"]
[EventDate "2006.11.22"]
[EventType "swiss"]
[EventRounds "9"]
[EventCountry "ESP"]
[Source "lmi"]
[SourceDate "2006.11.22"]

1. d4 d6 2. Nf3 g6 3. c4 Bg7 4. Nc3 Nd7 5. e4 e5 6. Be2 Nh6 7. O-O O-O 8. Re1
c6 9. Bf1 f6 10. Rb1 Nf7 11. b4 f5 12. exf5 gxf5 13. dxe5 dxe5 14. Qc2 e4 15.
Nd2 Nde5 16. Nb3 Qf6 17. Nd1 Kh8 18. Bf4 Ng6 19. Bd2 Nfe5 20. Qc1 f4 21. Nc5 e3
22. fxe3 f3 23. Ne4 Qh4 24. Ndf2 fxg2 25. Bxg2 Nf3+ 26. Bxf3 Rxf3 27. Qd1 Ne5
28. Bc3 Rf8 29. Kh1 Bf5 30. Qd4 Rad8 31. Qxe5 Bxe5 32. Bxe5+ Kg8 33. Rg1+ Kf7
34. Rg7+ Ke6 35. Bf4 Bxe4+ 36. Nxe4 Rxf4 37. exf4 h6 38. Rf1 Rf8 39. Nc5+ Kf5
40. Rxb7 Qh3 41. Rf2 Rd8 42. Rf7+ Kg6 43. Rd7 Rxd7 44. Nxd7 Qxd7 45. b5 cxb5
46. f5+ Kf6 47. cxb5 Qxb5 48. Kg2 Qc4 49. h3 h5 50. a3 h4 51. Rf3 Qa2+ 52. Kg1
Qe2 53. Rf2 Qe3 0-1

[Event "Campeonato de España Abierto 2006"]
[Site "Leon ESP"]
[Date "2006.11.30"]
[Round "9.21"]
[White "Coll Ortega, Jordi"]
[Black "Sabater Sanchez, Asensio"]
[Result "0-1"]
[WhiteElo "1950"]
[BlackElo "2177"]
[PlyCount "112"]
[EventDate "2006.11.22"]
[EventType "swiss"]
[EventRounds "9"]
[EventCountry "ESP"]
[Source "lmi"]
[SourceDate "2006.11.22"]

1. e4 Nf6 2. e5 Nd5 3. d4 d6 4. c4 Nb6 5. exd6 cxd6 6. Nc3 g6 7. Be3 Bg7 8. Rc1
O-O 9. b3 e5 10. dxe5 dxe5 11. Qxd8 Rxd8 12. Nb5 Nc6 13. Nxa7 Nd4 14. Nxc8 Nxc8
15. Bxd4 exd4 16. a4 d3 17. Nf3 Nb6 18. g3 Bb2 19. Rb1 Bc3+ 20. Nd2 Nd7 21. Kd1
Nc5 22. Bg2 Re8 23. Bf3 Ra6 24. b4 Nxa4 25. Bxb7 Rb6 26. Be4 Bxb4 27. Bxd3 Nc3+
28. Kc2 Nxb1 29. Rxb1 Bc5 30. Rxb6 Bxb6 31. f3 f5 32. h3 Re3 33. g4 Re5 34. Nb3
Be3 35. Kc3 Kf7 36. Kb4 Ke6 37. c5 h5 38. Kb5 Kd7 39. Kb6 Kc8 40. gxh5 gxh5 41.
Bc4 f4 42. Kc6 Rg5 43. Kd6 Kb8 44. Be6 Rg3 45. Na5 Rxf3 46. Nc6+ Kb7 47. Ne7
Bxc5+ 48. Kxc5 Re3 49. Bd5+ Kc7 50. Nf5 Rxh3 51. Kd4 Ra3 52. Nh4 Rh3 53. Nf3
Kd6 54. Ke4 Rg3 55. Bf7 Rh3 56. Kxf4 Ke7 0-1

[Event "Campeonato de España Abierto 2006"]
[Site "Leon ESP"]
[Date "2006.11.30"]
[Round "9.24"]
[White "Montolio Benedicto, Cesar"]
[Black "Jimenez De La Torre, Jose Anton"]
[Result "0-1"]
[WhiteElo "2067"]
[BlackElo "2162"]
[PlyCount "87"]
[EventDate "2006.11.22"]
[EventType "swiss"]
[EventRounds "9"]
[EventCountry "ESP"]
[Source "lmi"]
[SourceDate "2006.11.22"]

1. e4 e5 2. Nf3 Nc6 3. Bb5 a6 4. Ba4 Nf6 5. d4 exd4 6. e5 Ne4 7. O-O Be7 8.
Bxc6 dxc6 9. Qxd4 Qxd4 10. Nxd4 c5 11. Nf3 Bf5 12. c3 O-O-O 13. Nbd2 Nxd2 14.
Bxd2 Rd7 15. Rfe1 h6 16. Be3 Rhd8 17. Re2 g5 18. Rd2 Rxd2 19. Nxd2 Rd5 20. f4
g4 21. Kf2 h5 22. g3 Bd3 23. Nb3 b6 24. Rd1 Bc4 25. Rxd5 Bxd5 26. Nc1 Kd7 27.
a3 Ke6 28. Ke2 Bc4+ 29. Kd2 Kf5 30. Nd3 Ke4 31. Ne1 a5 32. Bg1 b5 33. Bf2 b4
34. Kc2 bxa3 35. bxa3 a4 36. Bg1 Bb3+ 37. Kb2 c4 38. Bf2 f6 39. exf6 Bxf6 40.
Bc5 Bd1 41. Kc1 Bb3 42. Kd2 h4 43. Bf8 h3 44. Ke2 0-1

[Event "Campeonato de España Abierto 2006"]
[Site "Leon ESP"]
[Date "2006.11.30"]
[Round "9.25"]
[White "Bazan Solera, Manuel"]
[Black "Gonzalez Diez, Ruben"]
[Result "1-0"]
[WhiteElo "2044"]
[BlackElo "2137"]
[PlyCount "67"]
[EventDate "2006.11.22"]
[EventType "swiss"]
[EventRounds "9"]
[EventCountry "ESP"]
[Source "lmi"]
[SourceDate "2006.11.22"]

1. d4 e6 2. c4 f5 3. g3 Nf6 4. Bg2 Bb4+ 5. Bd2 Qe7 6. Qb3 Bxd2+ 7. Nxd2 Nc6 8.
e3 O-O 9. Ngf3 d6 10. O-O e5 11. c5+ Be6 12. Qxb7 Bd5 13. Nxe5 dxe5 14. Bxd5+
Nxd5 15. Qxc6 Nb4 16. Qa4 Nd5 17. Qc4 c6 18. b4 exd4 19. exd4 a6 20. Nf3 f4 21.
Rae1 Qf6 22. Re5 Kh8 23. g4 Qg6 24. h3 a5 25. b5 Nf6 26. bxc6 Nxg4 27. Rg5 Qxc6
28. d5 Qh6 29. hxg4 Qh3 30. Qd4 Rf6 31. d6 Rg8 32. d7 h6 33. Qxf6 hxg5 34. Qxg5
1-0

[Event "Campeonato de España Abierto 2006"]
[Site "Leon ESP"]
[Date "2006.11.30"]
[Round "9.26"]
[White "Sahelices Casado, Roberto"]
[Black "Marcos Pinto, Luis"]
[Result "1/2-1/2"]
[WhiteElo "2134"]
[BlackElo "1987"]
[PlyCount "75"]
[EventDate "2006.11.22"]
[EventType "swiss"]
[EventRounds "9"]
[EventCountry "ESP"]
[Source "lmi"]
[SourceDate "2006.11.22"]

1. d4 Nf6 2. c4 g6 3. f3 d5 4. cxd5 Nxd5 5. e4 Nb6 6. Nc3 Bg7 7. Be3 O-O 8. Qd2
Re8 9. O-O-O c6 10. f4 Be6 11. Nf3 Bc4 12. b3 Bxf1 13. Rhxf1 e6 14. h4 Na6 15.
h5 Rc8 16. hxg6 hxg6 17. e5 Nd5 18. Kb2 Nxc3 19. Qxc3 Nc7 20. Ng5 Nd5 21. Qd2
Bh6 22. Ne4 Bf8 23. g4 Bb4 24. Qf2 Qd7 25. Qh2 Kg7 26. f5 Rh8 27. f6+ Kg8 28.
Bh6 Ne3 29. Rg1 Nxd1+ 30. Rxd1 Bf8 31. g5 Qd5 32. Qh4 Rd8 33. Rd2 b5 34. Qf4 b4
35. Kc2 a5 36. Kd1 a4 37. bxa4 Ra8 38. Nc5 1/2-1/2